000 01163namaa2200253 i 4500
001 173805
003 ES-MaACL
005 20250927133104.0
007 t|
008 100121s1855 sp |r |||| | spa d ..|
015 _aTLm\
_aCCIML
080 _a78.089.1
100 1 _aAndueza, José María de.
_9142006
245 1 0 _aPedro y Catalina o El gran maestro
_b: zarzuela en un acto y en verso /
_cpor D. José María Andueza ; música del maestro D. Martín Sánchez Allú.
260 _aMadrid :
_b[s.n.],
_c1855 (
_fImp. de José Rodríguez)
300 _a40 p. ;
_c21 cm.
490 1 _aEl teatro : colección de obras dramáticas y líricas
500 _aEn la portada: "Representada por primera vez en Madrid en el teatro del Circo, en [16] junio de 1855"
500 _aSolo la letra.
700 1 _aSánchez Allú, Martín,
_d1828-1858
_9133004
830 0 3 _aEl teatro: colección de obras dramática y líricas
_9221753
852 _aES-MaACL
_jF-8614(5)
_z.- Enc. pasta española
_q.- Falto de la cub. original
_z.- Enc. en un vol. facticio formando parte de la col. facticia "Teatro español moderno", vol. 69
999 _c173805
_d173805